| 000 -CABECERA |
| fixed length control field |
01069nam a22002417a 4500 |
| 003 - IDENTIFICADOR DEL NÚMERO DE CONTROL |
| control field |
AR-CdUCM |
| 008 - DATOS DE LONGITUD FIJA--INFORMACIÓN GENERAL |
| fixed length control field |
190306b ||||| |||| 00| 0 spa d |
| 020 ## - NÚMERO INTERNACIONAL ESTÁNDAR DEL LIBRO |
| ISBN |
968161965X |
| 040 ## - FUENTE DE LA CATALOGACIÓN |
| Agencia/entidad que catalogó originalmente la obra |
MUNICIPALIDAD PROVINCIAL DEL CUSCO |
| Entidad que transcribió la catalogación |
BIBLIOTECA MUNICIPAL DEL CUSCO |
| 082 ## - NÚMERO DE LA CLASIFICACIÓN DECIMAL DEWEY |
| No. de Clasificación |
869.1 / |
| Notacion interna |
AU88 |
| 100 ## - ENTRADA PRINCIPAL--NOMBRE DE PERSONA |
| Nombre Personal |
Aub, Max |
| 245 ## - MENCIÓN DE TÍTULO |
| Título |
Guía de narradores de la revolución mexicana / |
| 260 ## - PUBLICACIÓN, DISTRIBUCIÓN, ETC. |
| Lugar de publicación, distribución, etc. |
México : |
| Nombre de la editorial, distribuidor, etc. |
Fondo de Cultura Económica, |
| Fecha de publicación, distribución, etc. |
1969. |
| 300 ## - DESCRIPCIÓN FÍSICA |
| Nº de Páginas Extensión |
143 páginas ; |
| Otros detalles físicos |
fotografías ; |
| Dimensiones |
20.5 cm. |
| 440 ## - MENCIÓN DE SERIE/PUNTO DE ACCESO ADICIONAL--TÍTULO |
| Título |
Lecturas mexicanas |
| Número de la parte/sección de una obra |
: 97 |
| 9 (RLIN) |
11152 |
| 505 ## - NOTA DE CONTENIDO CON FORMATO |
| Nota de contenido formateada |
Contenido: Guía de narradores de la revolución mexicana -- Notas acerca de los escritores más importantes de la época -- Heriberto Frías -- Mariano Azuela -- Martín Luis Guzmán -- Rafael F. Muñoz -- José Vasconcelos ... |
| 650 ## - PUNTO DE ACCESO ADICIONAL DE MATERIA--TÉRMINO DE MATERIA |
| Descriptor |
Narrativa - Revolución mexicana |
| 9 (RLIN) |
11153 |
| 650 ## - PUNTO DE ACCESO ADICIONAL DE MATERIA--TÉRMINO DE MATERIA |
| Descriptor |
Narradores mexicanos |
| 9 (RLIN) |
11154 |
| 650 ## - PUNTO DE ACCESO ADICIONAL DE MATERIA--TÉRMINO DE MATERIA |
| Descriptor |
Revolución mexicana - Interpretación - Literatura |
| 9 (RLIN) |
11155 |
| 650 ## - PUNTO DE ACCESO ADICIONAL DE MATERIA--TÉRMINO DE MATERIA |
| Descriptor |
Narradores de la revolución - México |
| 9 (RLIN) |
11156 |
| 942 ## - ELEMENTOS DE PUNTO DE ACCESO ADICIONAL (KOHA) |
| Fuente de clasificación |
|
| Tipo de item |
Libros-BMC |
| 945 ## - PROCESAMIENTO DE INFORMACIÓN LOCAL (OCLC) |
| Catalogador |
lccs |